| 000 | 00626nam a2200229Ia 4500 | ||
|---|---|---|---|
| 003 | OSt | ||
| 005 | 20230607090421.0 | ||
| 008 | 210423s2012 xx 000 0 und d | ||
| 020 | _a9788126148608 | ||
| 040 | _cAL | ||
| 041 | _aeng | ||
| 082 | _a361.3 DILC | ||
| 100 |
_aDILSHAD (Mohd) _9120898 |
||
| 245 | _aCommunication organisation and social work | ||
| 260 |
_aNew Delhi _bAnmol Publications _c2012 |
||
| 300 |
_avii,288 _bHB |
||
| 365 |
_b995 _cINR |
||
| 650 |
_aSocial Problems & Services _9120899 |
||
| 650 |
_aSocial Work _9120900 |
||
| 906 | _aCommunication ; organisation ; social ; work | ||
| 942 |
_2ddc _cBK |
||
| 999 |
_c176070 _d176070 |
||